|
|
|
|
| LEADER |
03097nam a2200493 4500 |
| 001 |
ocn861700016 |
| 003 |
OCoLC |
| 005 |
20170124071815.1 |
| 006 |
m o d |
| 007 |
cr cnu|||unuuu |
| 008 |
131029s2014 mauab ob 001 0 eng d |
| 040 |
|
|
|a DG1
|b eng
|e rda
|e pn
|c DG1
|d CUS
|d TFW
|d OCLCF
|d OCLCQ
|d RECBK
|d EZ9
|d DG1
|d GrThAP
|
| 020 |
|
|
|a 9781118325117
|q (electronic bk.)
|
| 020 |
|
|
|a 1118325117
|q (electronic bk.)
|
| 020 |
|
|
|z 9781405199643
|
| 024 |
7 |
|
|a 10.1002/9781118325117
|2 doi
|
| 029 |
1 |
|
|a AU@
|b 000052185311
|
| 029 |
1 |
|
|a NZ1
|b 15341521
|
| 029 |
1 |
|
|a DEBBG
|b BV041877353
|
| 029 |
1 |
|
|a GBVCP
|b 790210037
|
| 035 |
|
|
|a (OCoLC)861700016
|
| 050 |
|
4 |
|a NA310
|
| 082 |
0 |
4 |
|a 722/.7
|2 23
|
| 084 |
|
|
|a LIT004190
|2 bisacsh
|
| 049 |
|
|
|a MAIN
|
| 245 |
0 |
2 |
|a A companion to Roman Architecture /
|c edited by Roger B. Ulrich and Caroline K. Quenemoen.
|
| 264 |
|
1 |
|a Malden, MA :
|b Wiley Blackwell,
|c 2014.
|
| 300 |
|
|
|a 1 online resource (xxiii, 589 pages) :
|b illustrations, maps.
|
| 336 |
|
|
|a text
|b txt
|2 rdacontent
|
| 337 |
|
|
|a computer
|b c
|2 rdamedia
|
| 338 |
|
|
|a online resource
|b cr
|2 rdacarrier
|
| 490 |
1 |
|
|a Blackwell companions to the ancient world
|
| 505 |
0 |
|
|a Italic Architecture of the Earlier First Millennium BCE / Jeffrey A Becker -- Rome and Her Neighbors / Penelope JE Davies -- Creating Imperial Architecture / Inge Nielsen -- Columns and Concrete / Caroline K Quenemoen -- The Severan Period / Edmund V Thomas -- The Architecture of Tetrarchy / Emanuel Mayer -- Architect and Patron / James C Anderson -- Plans, Measurement Systems, and Surveying / John R Senseney -- Materials and Techniques / Lynne C Lancaster, Roger B Ulrich -- Labor Force and Execution / Rabun Taylor -- Urban Sanctuaries / John W Stamper -- Monumental Architecture of Non-Urban Cult Places in Roman Italy / Tesse D Stek -- Fora / James FD Frakes -- Funerary Cult and Architecture / Kathryn J McDonnell -- Building for an Audience / Hazel Dodge -- Roman Imperial Baths and / Fikret K Yegül -- Courtyard Architecture in the of Ostia Antica / Roger B Ulrich -- /Single Family House / John R Clarke -- Private Villas / Mantha Zarmakoupi -- Romanization / Louise Revell -- Streets and Facades / Ray Laurence -- Vitruvius and his Influence / Ingrid D Rowland -- Ideological Applications / Genevieve S Gessert -- Visualizing Architecture Then and Now / Melanie Grunow Sobocinski -- Conservation / William Aylward.
|
| 504 |
|
|
|a Includes bibliographical references and index.
|
| 588 |
0 |
|
|a Online resource; title from PDF title page (Wiley, viewed Oct. 29, 2013).
|
| 650 |
|
0 |
|a Architecture, Roman.
|
| 650 |
|
7 |
|a Architecture, Roman.
|2 fast
|0 (OCoLC)fst00813932
|
| 655 |
|
4 |
|a Electronic books.
|
| 700 |
1 |
|
|a Ulrich, Roger Bradley,
|e editor.
|
| 700 |
1 |
|
|a Quenemoen, Caroline K.,
|e editor.
|
| 776 |
0 |
8 |
|i Print version:
|t Companion to Roman architecture.
|d Malden, Ma : Wiley Blackwell, 2014
|z 9781405199643
|w (DLC) 2013025418
|w (OCoLC)851175487
|
| 830 |
|
0 |
|a Blackwell companions to the ancient world.
|
| 856 |
4 |
0 |
|u https://doi.org/10.1002/9781118325117
|z Full Text via HEAL-Link
|
| 994 |
|
|
|a 92
|b DG1
|